|
|
|
|
| LEADER |
00857nam a2200217Ia 4500 |
| 001 |
CTU_175369 |
| 008 |
210402s9999 xx 000 0 und d |
| 082 |
|
|
|a 636.3
|
| 082 |
|
|
|b Th107
|
| 088 |
|
|
|a 60620105
|
| 100 |
|
|
|a Vo, Duy Thanh
|
| 245 |
|
0 |
|a Effect of NPN source and mangosteen peel (Garcinia mangostana) on methane production in in vitro incubations and on growth performance of Phan Rang sheep in the Mekong delta of Vietnam :
|
| 245 |
|
0 |
|b Master of science thesis in agricultural sciences animal husbandry
|
| 245 |
|
0 |
|c Vo Duy Thanh ; Nguyen Van Thu, T. R. Preston (Scientific supervisors)
|
| 260 |
|
|
|a Cần Thơ
|
| 260 |
|
|
|b Trường Đại học Cần Thơ
|
| 260 |
|
|
|c 2012
|
| 650 |
|
|
|a Cattle,Gia súc
|
| 650 |
|
|
|x Breeding,Chăn nuôi
|
| 904 |
|
|
|i Hải
|
| 980 |
|
|
|a Trung tâm Học liệu Trường Đại học Cần Thơ
|